| 000 | 00398nam a22001697a 4500 | ||
|---|---|---|---|
| 003 | OSt | ||
| 005 | 20160824125351.0 | ||
| 008 | 160824b xxu||||| |||| 00| 0 eng d | ||
| 020 | _a0805374957 | ||
| 040 | _cNA | ||
| 050 |
_aQH308.2 _b.C343 2004 |
||
| 100 | _aNeil A.Campbell | ||
| 245 | _aEssential Biology | ||
| 250 | _a2ND ED | ||
| 260 |
_aMexico _bBenjamin Cummings _c2004 |
||
| 942 |
_2lcc _cBK |
||
| 999 |
_c255103 _d255102 |
||